Представление документа в формате MARC21

ПолеНазваниеЗначение
  Тип записи a
  Библиографический уровень m
001 Контрольный номер RU/URAIT/588349
005 Дата корректировки 20260429163650.3
008 Кодируемые данные 260429s2026 RU y f j 000 0 rus u
020 Индекс ISBN __
a ISBN 978-5-534-14535-9
c Цена, тираж 669.00
040 Источник каталогиз. __
a Служба первич. каталог. ИКО Юрайт
c Служба, преобразующая запись ИКО Юрайт
e Правила каталог. RCR
041 Код языка издания __
a Код языка текста rus
044 Код страны публикации __
a Код страны публикации RU
080 Индекс УДК __
a Индекс УДК 316
084 Индекс другой классификации/Индекс ББК __
2 Источник индекса rubbk
a Индекс другой классификации/Индекс ББК 60.5
100 Автор __
a Автор Семенов В. А.
q Полное имя Семенов Владимир Анатольевич
245 Заглавие __
a Заглавие Социология Роберта К. Мертона
b Продолж. заглавия монография (отсутствует)
c Ответственность В. А. Семенов, В. Г. Зарубин, Н. А. Мартьянова.
256 Характеристики компьютерного файла __
a Характеристики компьютерного файла Электрон. дан.
260 Выходные данные __
a Место издания Москва
b Издательство Юрайт
c Дата издания 2026
300 Физическое описание __
a Объем 175 с
440 Серия __
a Серия Актуальные монографии
500 Примечания __
a Примечание URL: https://urait.ru/bcode/588349 (дата обращения: 29.04.2026).
520 Аннотация __
a Аннотация В монографии рассмотрены основные теоретические и методологические положения, а также прикладные аспекты концепции структурного функционализма Роберта К. Мертона. Кроме того, концепция американского социолога имеет и существенное прикладное значение. Результаты настоящего исследования и научные выводы могут служить основой для разработки учебных курсов, проведения лекционных и семинарских занятий для студентов, изучающих историю и теорию социологии.
538 Прим. о системных особенностях __
a Прим. о системных особенностях Режим доступа: Электронно-библиотечная система Юрайт, для авториз. пользователей
653 Ключевые слова __
a Ключевые слова Социология
653 Ключевые слова __
a Ключевые слова Общественные науки
653 Ключевые слова __
a Ключевые слова Социологические концепции
700 Другие авторы __
a Другие авторы Зарубин В.
q Полное имя Зарубин Валерий
700 Другие авторы __
a Другие авторы Мартьянова Н. А.
q Полное имя Мартьянова Наталья Александровна
856 Электронный адрес документа 40
n Местонахождение сервера Юрайт
g Электронная книга
q Тип электронного формата html
h Имя пользователя ЮРАЙТ
v Часы доступа к ресурсу 20271231
2 Способ доступа Показать документ
x Служебное примечание https://urait.ru/book/cover/A50F8400-6C38-4A30-8948-5FD9FECE79DA
u URL https://urait.ru/bcode/588349
856 Электронный адрес документа 48
q Тип электронного формата cover
u URL https://urait.ru/book/cover/A50F8400-6C38-4A30-8948-5FD9FECE79DA
911 __
u 0030=https://urait.ru/bcode/588349
911 __
u 073a=9785534145359
u 073d=669.00
911 __
u 106a=s
911 __
u 900l=
952 Тип литературы __
i Дисциплина Социологические концепции